00673nam a22002057a 450000500170000001000130001702000100003003500130004003700160005304000120006908200160008124501070009726000480020427000450025230000200029750000510031765000370036865000460040570000160045120170124105947.0 aA-258154 c00.00 aA-258154 bCen Lib/Ret aDPLbEN a338.91bNEW aNew international economic order :cedited by R.K. Sinhabneed, implementation, obstacles, prospects / aNew DelhibDeep and Deep Publicationsc1985 bNew DelhiaF-159, Rajouri Gardene110027 a257p.c22cm(Hb) aIncludes bibliographical references and index  aInternational economic relations aDeveloping countries -- Foreign relations aSinha, R.K.